01614cam a22003735a 4500999001500000003000900015005001700024008004100041020001500082020001800097040004300115082002300158100006000181245014600241246001900387250002100406250002000427264005600447300005400503336002600557337002800583338002700611490003500638590001300673650005300686650006700739650004100806653002300847655001700870700004600887942002700933952014300960952013701103 c2162d2162EG-ScBUE20200111123333.0090415r20001989enka f 000 0 eng d a0521774721 a9780521774727 aEG-ScBUEbengerdacEG-ScBUEdEG-ScBUE04a808.06665bJON2221 aJones, Leo,‏ d1943-eauthor.9373510aNew international business English :bcommunication skills in English for business purposes.pStudent's book /cLeo Jones, Richard Alexander.30aStudent's book aUpdated edition. aSixth printing. 1aCambridge, UK :bCambridge University Press,c2002. a176 pages :billustrations (some color) ;c28 cm. 2rdacontentatextbtxt 2rdamediaaunmediatedbn 2rdacarrieravolumebnc0 aCambridge professional English aMohamed. 7aEnglish languagexBusiness English.2BUEsh93736 7aEnglish languagevTextbooks for foreign speakers.2BUEsh93737 7aBusiness communication.2BUEsh93738 bHHUUEENNcJuly2019 vReading book1 aAlexander, Richard.d1959-eauthor.93739 cBBk808.06665 JON2ddc 00104070aMAINbMAINc2NDd2012-02-07ePurchasel4m27o808.06665 JONp000002115r2025-07-15 00:00:00s2021-02-27v69.00w2007-02-12yBB 00102ddc40708Donation-GaMAINbMAINc2NDd2021-08-15eDonationl0o808.06665 JONp000050539r2025-07-15 00:00:00w2021-08-15yBB